| 000 | 00464nam a2200169 i 4500 | ||
|---|---|---|---|
| 001 | 29447 | ||
| 003 | ES-MaACL | ||
| 005 | 20251110063216.0 | ||
| 007 | t| | ||
| 008 | 030122s1926 fr ||||1| fre d | ||
| 100 | 1 |
_aBarbusse, Henri, _d1873-1935 _925487 |
|
| 245 | 1 | 4 |
_aLes bourreause / _cHenri Barbusse. |
| 260 |
_a[S.l. : _bs.n., _c1926] ( _eLagny : _fE. Grevin) |
||
| 300 |
_a282 p. ; _c19 cm. |
||
| 852 |
_aES-MaACL _jF-5104 |
||
| 999 |
_c29447 _d29447 |
||